000 03585cam a2200325 i 4500
003 SA-RiAUC
005 20250728050735.0
008 250727s1985 ku g 00000bara c
040 _aSA-RiAUC
_bara
_cSA-RiAUC
_dKAC
_erda
041 0 _aara
_hund
082 0 4 _a922.58
_qSA-RiAUC
090 _a922.58
_bخ ا ن
100 1 _aخان، قمر الدين
_eمؤلف.
245 1 0 _aابن تيمية وفكره السياسي /
_cتأليف قمر الدين خان ؛ ترجمة وتعليق أحمد مبارك البغدادي.
250 _aالطبعة الأولى.
264 1 _aالكويت :
_bمكتبة الفلاح،
_c1985.
300 _a246 صفحة ؛
_c24 سم
336 _aنص
_btxt
_2rdacontent
_3كتاب
337 _aبدون وسيط
_bn
_2rdamedia
338 _aمجلد
_bnc
_2rdacarrier
504 _aيشتمل على إرجاعات ببلوجرافية.
504 _aببليوجرافية : صفحة : 225-246.
520 _aيتناول كتاب "ابن تيمية وفكره السياسي" للمؤلف قمر الدين خان جوانب متعددة من فكر ابن تيمية، خاصة في سياق السياسة والحكم. ويقدم الكتاب نبذة عن حياة ابن تيمية، موضحا نشأته وظروف عصره، وتأثيرها على فكره السياسي. ويتناول السياقات التاريخية والسياسية التي عاش فيها، مثل حكم المماليك والصراعات الفكرية في ذلك الوقت. ويسلط الضوء على آراء ابن تيمية حول الحكم والسياسة، مشيرا إلى مفهومه للسلطة الشرعية. ويناقش كيفية رؤيته للعلاقة بين الدين والدولة، ودور الشريعة في تنظيم الحياة السياسية. ويستعرض الكتاب مبادئ الحكم التي طرحها ابن تيمية، مثل العدل والشورى، وأهمية الالتزام بالقيم الإسلامية في إدارة الدولة. ويحليل آرائه حول حقوق وواجبات الحكام والمحكومين، ويناقش الكتاب التحديات التي واجهها ابن تيمية في عصره، وكيف تعامل معها، بما في ذلك الفتن والصراعات الداخلية. ويبرز دوره كمفكر سياسي في مواجهة التحديات التي كانت تهدد المجتمع الإسلامي. ويتناول تأثير فكر ابن تيمية السياسي على المفكرين والسياسيين من بعده، وكيف ساهمت أفكاره في تشكيل الفكر السياسي الإسلامي. ويعرض كيف أن مبادئه لا تزال ذات صلة في النقاشات السياسية المعاصرة. ويعتبر هذا الكتاب مرجعا مهما لفهم رؤية ابن تيمية السياسية، حيث يقدم تحليلا عميقا لفكره ومبادئه، مما يعزز من فهم القارئ لدوره في التاريخ الإسلامي وأثره المستمر في الفكر السياسي اليوم.
600 1 7 _aابن تيمية، أحمد بن عبد الحليم بن عبد السلام،
_d661-728 هجري
_xآراء سياسية واجتماعية
_2aucnm
650 7 _aالفقهاء الحنابلة
_vتراجم
_2aucsh
650 7 _aالنظام السياسي في الإسلام
_2aucsh
700 1 _aالبغدادي، أحمد مبارك
_eمترجم.
942 _2ddc
_cBOOK
_n0
949 _aSA-JeALM
_d250727
_uosman123
_n1
999 _c10361
_d10361